| 000 | 00397nam a22001577a 4500 | ||
|---|---|---|---|
| 999 |
_c11756 _d11756 |
||
| 008 | 210101b 2011 ||||| |||| 00| 0 eng d | ||
| 082 |
_a658.3 _bMIS |
||
| 100 | _aMishra, Richa | ||
| 245 | _aHuman Resource Management | ||
| 260 |
_aNew Delhi _bAIMA-CME _c2011 |
||
| 300 | _a194p. | ||
| 650 | _aGlobal HRM | ||
| 650 | _aManaging Performance | ||
| 650 | _aEmployee participation | ||
| 942 | _cBK | ||